|
|
|
|
| LEADER |
01619nam a2200397 i 4500 |
| 001 |
EBC6944209 |
| 003 |
MiAaPQ |
| 005 |
20221112151628.0 |
| 006 |
m o d | |
| 007 |
cr cnu|||||||| |
| 008 |
221112s2022 gw a ob 000 0 eng d |
| 020 |
|
|
|z 9783736976016
|q (print)
|
| 020 |
|
|
|a 9783736966017
|q (electronic bk.)
|
| 035 |
|
|
|a (MiAaPQ)EBC6944209
|
| 035 |
|
|
|a (Au-PeEL)EBL6944209
|
| 035 |
|
|
|a (OCoLC)1310345692
|
| 040 |
|
|
|a MiAaPQ
|b eng
|e rda
|e pn
|c MiAaPQ
|d MiAaPQ
|
| 050 |
|
4 |
|a K3263
|b .S365 2022
|
| 082 |
0 |
|
|a 330342.0858
|2 23
|
| 100 |
1 |
|
|a Schmitt, Julia,
|e author.
|
| 245 |
1 |
4 |
|a The impact of privacy laws on websites and users /
|c Julia Schmitt.
|
| 264 |
|
1 |
|a Gottingen, Germany :
|b Cuvillier Verlag,
|c [2022]
|
| 264 |
|
4 |
|c Ã2022
|
| 300 |
|
|
|a 1 online resource (191 pages) :
|b illustrations
|
| 336 |
|
|
|a text
|b txt
|2 rdacontent
|
| 337 |
|
|
|a computer
|b c
|2 rdamedia
|
| 338 |
|
|
|a online resource
|b cr
|2 rdacarrier
|
| 504 |
|
|
|a Includes bibliographical references.
|
| 588 |
|
|
|a Description based on print version record.
|
| 590 |
|
|
|a Electronic reproduction. Ann Arbor, MI : ProQuest, 2018. Available via World Wide Web. Access may be limited to ProQuest affiliated libraries.
|
| 650 |
|
0 |
|a Privacy, Right of.
|
| 650 |
|
0 |
|a Data protection
|x Law and legislation.
|
| 655 |
|
4 |
|a Electronic books.
|
| 776 |
0 |
8 |
|i Print version:
|a Schmitt, Julia.
|t Impact of privacy laws on websites and users.
|d Gottingen, Germany : Cuvillier Verlag, c2022
|h 191 pages
|z 9783736976016
|
| 797 |
2 |
|
|a ProQuest (Firm)
|
| 856 |
4 |
0 |
|u https://ebookcentral.proquest.com/lib/matrademy/detail.action?docID=6944209
|z Click to View
|